| 000 | 00498 a2200205 4500 | ||
|---|---|---|---|
| 001 | 111275 | ||
| 020 | _a9788508099894 | ||
| 041 | _apor | ||
| 082 | _aYear 5 028 | ||
| 490 | _aSerafina | ||
| 697 | _aLiteratura infantojuvenil. | ||
| 830 | _aSerafina | ||
| 856 | _u00001d/00001d21.jpg | ||
| 040 |
_aBR-BrIDEA _cBR-BrIDEA |
||
| 090 |
_aYear 5 028 _bPOR |
||
| 100 |
_aPorto, Cristina _d1949 |
||
| 245 | 1 | 0 |
_aA escolinha da Serafina _c Cristina Porto |
| 260 |
_aSão Paulo _c2013 |
||
| 942 | _cBK | ||
| 999 |
_c111275 _d111275 |
||